00585nam a2200229Ia 4500008004100000020001800041050001900059050001400078100001900092245001600111245002700127245001900154250001600173260002000189260003300209260000900242300001500251300001600266300001100282500002000293650004200313160517s9999 xx 000 0 und d a1-904467-83-0 aComSc QA 76.5  b.R53 2005 aRichards, R.P. aComputers : bright from the start / cR.P. Richards. a2nd Edition aGreat Britain : bPayne-Gallway Pub. Limited., c2005 a94 pages : bcol. ill. ; c25 cm. aIncludes index. aMicrocomputer -- Juvenile literature.